Confessions of a China hand (Record no. 1079473)

MARC details
000 -LEADER
fixed length control field 00851nam a2200313Ia 4500
003 - CONTROL NUMBER IDENTIFIER
control field OSt
005 - DATE AND TIME OF LATEST TRANSACTION
control field 20221006144314.0
008 - FIXED-LENGTH DATA ELEMENTS--GENERAL INFORMATION
fixed length control field 221006b |||||||| |||| 00| 0 san d
020 ## - INTERNATIONAL STANDARD BOOK NUMBER
-- .00
037 ## - SOURCE OF ACQUISITION
Terms of availability Textual
040 ## - CATALOGING SOURCE
Original cataloging agency EASL
Transcribing agency EASL
Language of cataloging san
041 ## - LANGUAGE CODE
Source of code san
Language code of text/sound track or separate title san
100 ## - MAIN ENTRY--PERSONAL NAME
Personal name FARQUHARSON Ronald
9 (RLIN) 651522
245 #0 - TITLE STATEMENT
Title Confessions of a China hand
260 ## - PUBLICATION, DISTRIBUTION, ETC.
Place of publication, distribution, etc. London
Name of publisher, distributor, etc. Hodder and Stoughton
Date of publication, distribution, etc. 1950
300 ## - PHYSICAL DESCRIPTION
Extent 224p.
Dimensions cm.
490 ## - SERIES STATEMENT
Volume/sequential designation CEL
650 ## - SUBJECT ADDED ENTRY--TOPICAL TERM
Topical term or geographic name entry element CEL
650 ## - SUBJECT ADDED ENTRY--TOPICAL TERM
Topical term or geographic name entry element China - MAi Yeo Fa tze
9 (RLIN) 651523
650 ## - SUBJECT ADDED ENTRY--TOPICAL TERM
Topical term or geographic name entry element China - MAnchuriana
9 (RLIN) 651524
650 ## - SUBJECT ADDED ENTRY--TOPICAL TERM
Topical term or geographic name entry element China - Tally Ho
9 (RLIN) 651525
650 ## - SUBJECT ADDED ENTRY--TOPICAL TERM
Topical term or geographic name entry element China - Herro Hao
9 (RLIN) 651526
942 ## - ADDED ENTRY ELEMENTS (KOHA)
Classification part U8.41.N3, J0
Koha item type Textual
Source of classification or shelving scheme Colon Classification (CC)
Holdings
Withdrawn status Lost status Source of classification or shelving scheme Damaged status Use restrictions Not for loan Home library Current library Date acquired Serial Enumeration / chronology Total Checkouts Full call number Barcode Date last seen Price effective from Koha item type
    Colon Classification (CC)       Department of East Asian Studies Library Department of East Asian Studies Library 2022-10-06 CEL   U8.41.N3 J0 EAS001536 2022-10-06 2022-10-06 Textual
Copyright @ Delhi University Library System